Terror and the sublime in art and critical theory (Record no. 85057)
[ view plain ]
| 000 -LEADER | |
|---|---|
| fixed length control field | 02140nam a2200385Ia 4500 |
| 082 04 - DEWEY DECIMAL CLASSIFICATION NUMBER | |
| Classification number | 700/.4164 |
| 100 1# - MAIN ENTRY--AUTHOR NAME | |
| Personal name | Ray, Gene, |
| 245 10 - TITLE STATEMENT | |
| Title | Terror and the sublime in art and critical theory |
| 260 ## - PUBLICATION, DISTRIBUTION, ETC. (IMPRINT) | |
| Place of publication | New York : |
| Name of publisher | Palgrave Macmillan, |
| Year of publication | 2005. |
| 300 ## - PHYSICAL DESCRIPTION | |
| Number of Pages | xiv, 188 p. |
| 490 1# - SERIES STATEMENT | |
| Series statement | Studies in European culture and history |
| 505 0# - FORMATTED CONTENTS NOTE | |
| Formatted contents note | Introduction : the hit -- Ch. 1. Reading the Lisbon earthquake : Adorno, Lyotard, and the contemporary sublime -- Ch. 2. Joseph Beuys and the "after-Auschwitz" sublime -- Ch. 3. Ground Zero : Hiroshima haunts "9/11" -- Ch. 4. Mirroring evil : Auschwitz, art and the "war on terror" -- Ch. 5. Little glass house of horrors : taking Damien Hirst seriously -- Ch. 6. Blasted moments : remarking a Hiroshima image -- Ch. 7. Installing a "new cosmopolitics" : Derrida and the writers -- Ch. 8. Working out and playing through : Boaz Arad's Hitler videos -- Ch. 9. Listening with the third ear : echoes from Ground Zero -- Ch. 10. Conditioning Adorno : "after Auschwitz" now. |
| 650 #0 - SUBJECT ADDED ENTRY--TOPICAL TERM | |
| Topical Term | Sublime, The, in art. |
| Topical Term | Horror in art. |
| Topical Term | Psychic trauma. |
| Topical Term | Arts, European |
| Topical Term | Aesthetics, Modern |
| 856 40 - ELECTRONIC LOCATION AND ACCESS | |
| Uniform Resource Identifier | http://site.ebrary.com/lib/rucke/Doc?id=10135405 |
No items available.
